000 00528nam a2200205Ia 4500
003 OSt
005 20220925204046.0
006 a|||||r|||| 00| 0
007 ta
008 220923b |||||||| |||| 00| 0 eng d
037 _cGeneral Book
040 _aRTL
_cRTL
_beng
041 _2eng
_aeng
082 _aX:9.58a, F2/BB
245 0 _aBibliography OF Industrial and Labour Questions In
260 _aGeneva
_c1922
300 _a174p
_ccm.
942 _hX:9.58a, F2/BB
_cGB
_2CC
999 _c548442
_d548442